Agreement concerning the international carriage of dangerous goods by road. Volume II : ADR, applicable as from 1 January 2021 : (Record no. 33895)

MARC details
000 -LEADER
fixed length control field 00744nam a2200145 a 4500
008 - FIXED-LENGTH DATA ELEMENTS--GENERAL INFORMATION
fixed length control field 210107s2020 ||||||||||||||||| || u
020 ## - INTERNATIONAL STANDARD BOOK NUMBER
International Standard Book Number 9789211391794
050 ## - LIBRARY OF CONGRESS CALL NUMBER
Classification number UNECE(058)ADR/2020B
110 ## - MAIN ENTRY--CORPORATE NAME
Corporate name or jurisdiction name as entry element United Nations Economic Commission for Europe (UNECE)
245 10 - TITLE STATEMENT
Title Agreement concerning the international carriage of dangerous goods by road. Volume II : ADR, applicable as from 1 January 2021 :
Statement of responsibility, etc. By United Nations Economic Commission for Europe(UNECE)
260 ## - PUBLICATION, DISTRIBUTION, ETC.
Place of publication, distribution, etc. New York
Name of publisher, distributor, etc. UNITED NATIONS
Date of publication, distribution, etc. 2020
300 ## - PHYSICAL DESCRIPTION
Extent ix, 628 pages : illustrations
650 ## - SUBJECT ADDED ENTRY--TOPICAL TERM
Topical term or geographic name entry element HARZADOUS SUBSTANCES--TRANSPORTATION
995 ## - RECOMMENDATION 995 [LOCAL, UNIMARC FRANCE]
-- CBU-MAIN LIBRARY (Kitwe)
-- 1
-- AVAILABLE
-- Apr 1, 2021
-- International Publications
Holdings
Withdrawn status Lost status Source of classification or shelving scheme Damaged status Not for loan Home library Current library Shelving location Date acquired Total Checkouts Full call number Barcode Date last seen Price effective from Koha item type
          CBU-MAIN LIBRARY, KITWE. CBU-MAIN LIBRARY, KITWE.   11/30/2022   UNECE(058)ADR/2020B B4390 11/30/2022 11/30/2022 MONOGRAPH